Chansons de Johnny Hallyday (1980-2018) - Statistiques

Statistiques générales
  • Ce quiz a été pris 67 fois
  • Le résultat moyen est 23 sur 323
Statistiques - réponses
Album Titre % Correct
Ce que je sais 4 Allumer le feu
79%
À la vie, à la mort ! 1-3 Marie
69%
Gang 1 L'Envie
66%
Sang pour sang 1 Sang pour sang
59%
Gang 6 Laura
57%
Gang 5 Je te promets
55%
Sang pour sang 13 Vivre pour le meilleur
45%
Rock'n'Roll Attitude 3 Quelque chose de Tennessee
43%
Cadillac 6 Cadillac
40%
Rock'n'Roll Attitude 6 Rock'n'Roll Attitude
36%
Mon pays c'est l'amour 2 Mon pays c'est l'amour
34%
Rester vivant 3 Rester vivant
34%
Ce que je sais 1 Ce que je sais
33%
De l'amour 1 De l'amour
33%
Rock'n'Roll Attitude 1 Le Chanteur abandonné
33%
La Peur 2 La peur
31%
L'Attente 1 L'Attente
31%
Ça ne change pas un homme 6 Ça ne change pas un homme
29%
Lorada 1 Lorada
29%
Mon pays c'est l'amour 1 J'en parlerai au diable
28%
Ça ne finira jamais 1 Ça ne finira jamais
26%
Drôle de métier 9 Drôle de métier
26%
Entre violence et violon 1 Entre violence et violon
26%
Gang 3 J'oublierai ton nom
26%
Ma vérité 10 Ma vérité
26%
Jamais seul 5 Jamais seul
24%
Ma vérité 8 Mon plus beau Noël
24%
Cadillac 2 Mirador
22%
Ce que je sais 8 Seul
22%
Rester vivant 4 Seul
22%
Sang pour sang 4 Un jour viendra
22%
À partir de maintenant 1 À partir de maintenant
21%
L'Attente 8 20 ans
17%
Mon pays c'est l'amour 6 4 M²
16%
Gang 2 Je t'attends
16%
Rough Town 7 Rough Town
16%
Rock'n'Roll Attitude 9 Aimer vivre
14%
Ça ne change pas un homme 8 Et puis je sais
14%
Mon pays c'est l'amour 8 L'Amérique de William
14%
Spécial Enfants du rock 7 L'Idole des jeunes
14%
Ma vérité 2 Ma religion dans son regard
14%
Sang pour sang 10 Pardon
14%
Sang pour sang 11 Ex
12%
Mon pays c'est l'amour 4 Pardonne-moi
12%
Rock'n'Roll Attitude 8 Parker, connais pas
12%
Rock'n'Roll Attitude 10 Pendue à mon cou
12%
Pas facile 1 C'est pas facile
10%
Gang 8 Dans mes nuits... on oublie
10%
Gang 10 Encore
10%
Rock'n'Roll Attitude 5 La Blouse de l'infirmière
10%
Lorada 5 Lady Lucille
10%
Lorada 13 Ne m'oublie pas
10%
Sang pour sang 3 Quelques cris
10%
Rock'n'Roll Attitude 2 Qui ose aimer
10%
Destination Vegas 7 Sur la route de Memphis
10%
Gang 9 Ton fils
10%
Ça ne change pas un homme 7 Cadillac man
9%
Rock'n'Roll Attitude 4 Équipe de nuit
9%
À partir de maintenant 4 Je ne suis pas un héros
9%
Mon pays c'est l'amour 11 Je ne suis qu'un homme
9%
L'Attente 6 L'Amour à mort
9%
Sang pour sang 2 Le Poids de mes maux
9%
La Peur 1 Le survivant
9%
Cadillac 1 Les Vautours
9%
À la vie, à la mort ! 2-1 L'Instinct
9%
Mon pays c'est l'amour 3 Made in Rock'n'Roll
9%
Quelque part un aigle 7 Montpellier
9%
Cadillac 5 Possible en moto
9%
Lorada 3 Rester libre
9%
Ça ne change pas un homme 14 Tien An Men
9%
Gang 7 Tu peux chercher
9%
Lorada 12 Aime-moi
7%
Lorada 11 Ami
7%
La Peur 5 Cartes postales d’Alabama
7%
Lorada 2 Est-ce que tu me veux encore ?
7%
Mon pays c'est l'amour 5 Interlude
7%
Sang pour sang 12 Je t'aime comme je respire
7%
Lorada 7 J'la croise tous les matins
7%
À partir de maintenant 8 La Poupée qui fait non
7%
Sang pour sang 6 Les Larmes de gloire
7%
Ma vérité 4 Le temps passe
7%
À la vie, à la mort ! 2-3 M'arrêter là
7%
Quelque part un aigle 6 Mon Amérique à moi
7%
Sang pour sang 9 Partie de cartes
7%
À la vie, à la mort ! 1-6 Pense à moi
7%
Lorada 10 Quand le masque tombe
7%
L'Attente 2 Refaire l'histoire
7%
Rester vivant 2 Regarde-nous
7%
Rock'n'Roll Attitude 7 Seul mais pas solitaire
7%
Spécial Enfants du rock 10 Si j'étais un charpentier - If I Were a Carpenter
7%
Mon pays c'est l'amour 10 Tomber encore
7%
À partir de maintenant 6 Un diable entouré d'anges
7%
De l'amour 10 Un dimanche de janvier
7%
Lorada 6 Un rêve à faire
7%
À partir de maintenant 2 À double tour
5%
Le Cœur d'un homme 3 Always
5%
Rester vivant 5 Au café de l'avenir
5%
Mon pays c'est l'amour 7 Back in LA
5%
Le Cœur d'un homme 4 Chavirer les foules
5%
Destination Vegas 13 Comme un roc
5%
À la vie, à la mort ! 1-2 Dis-le-moi
5%
En pièces détachées 7 Guerre
5%
Cadillac 4 Himalaya
5%
Pas facile 3 Il ne faut pas me ressembler
5%
La Peur 8 Il nous faudra parler d'amour un jour
5%
Drôle de métier 7 J'aimerais pouvoir encore souffrir comme ça
5%
Spécial Enfants du rock 3 J'aimerais pouvoir encore souffrir comme ça
5%
À la vie, à la mort ! 2-2 Je n'ai jamais pleuré
5%
Pas facile 7 J'en ai marre
5%
En pièces détachées 2 Je peux te faire l'amour
5%
Drôle de métier 5 Je sais que tu ne peux pas trouver mieux ailleurs
5%
Spécial Enfants du rock 6 Je sais que tu ne peux pas trouver mieux ailleurs
5%
La Peur 6 Je suis victime de l'amour
5%
Quelque part un aigle 1 La caisse
5%
En pièces détachées 3 Lady Divine
5%
Ma vérité 3 La Paix
5%
À partir de maintenant 3 Le chanteur sans amour
5%
Ce que je sais 11 L'Eldorado
5%
Pas facile 6 Le rock'n'roll c’est comme ça
5%
Le Cœur d'un homme 9 Ma vie
5%
Drôle de métier 1 Mon p'tit loup (ça va faire mal)
5%
Spécial Enfants du rock 2 Mon p'tit loup (ça va faire mal)
5%
Drôle de métier 2 Nashville blues
5%
Spécial Enfants du rock 13 Nashville blues
5%
Sang pour sang 5 Notre histoire
5%
Sang pour sang 8 Remise de peine
5%
Quelque part un aigle 2 Sage pour vous
5%
Entre violence et violon 10 Signes extérieurs de richesse
5%
Sang pour sang 7 Si tu m'aimais
5%
Rester vivant 10 Te manquer
5%
Gang 4 Toute seule
5%
Lorada 9 Tout feu, toute femme
5%
Rester vivant 6 Une lettre à l'enfant que j'étais
5%
Mon pays c'est l'amour 9 Un enfant du siècle
5%
L'Attente 7 Un nouveau jour
5%
La Peur 3 Veau d'or, vaudou
5%
Rester vivant 12 À nos promesses
3%
À la vie, à la mort ! 2-11 Au bord des routes
3%
Spécial Enfants du rock 8 Blue Suede Shoes
3%
En V.O. 1 Casualty Of Love
3%
Le Cœur d'un homme 12 Ce que j'ai fait de ma vie
3%
Ma vérité 7 Ce qui ne tue pas nous rend plus fort
3%
À la vie, à la mort ! 1-11 Ceux qui parlent aux étoiles
3%
Ce que je sais 2 Chacun cherche son cœur
3%
À la vie, à la mort ! 2-8 Chanter n'est pas jouer
3%
Lorada 8 Chercher les anges
3%
En pièces détachées 4 Chez madame Lolita
3%
Ma vérité 6 Clémence
3%
Quelque part un aigle 8 Cure de blues
3%
De l'amour 3 Dans la peau de Mike Brown
3%
Ça ne change pas un homme 3 Dans un an ou un jour
3%
Ce que je sais 5 Debout
3%
Quelque part un aigle 9 Décalage horaire
3%
En pièces détachées 1 Deux étrangers
3%
L'Attente 10 Devant toi
3%
Ça ne finira jamais 10 Emily
3%
À la vie, à la mort ! 1-1 Entre nous
3%
Pas facile 8 Il n'y a plus de géant à l'Est d’Eden
3%
Rester vivant 1 J'ai ce que j'ai donné
3%
Ça ne finira jamais 6 Je m'arrête là
3%
La Peur 4 Je n'en suis plus capable
3%
Pas facile 2 Je t'ai aimée
3%
Jamais seul 4 La Douceur de vivre
3%
L'Attente 3 La Femme aux cheveux longs
3%
Entre violence et violon 9 La fille d'en face
3%
Ça ne change pas un homme 11 La guitare fait mal
3%
L'Attente 9 L'amour peut prendre froid
3%
Entre violence et violon 6 L'amour violent
3%
À partir de maintenant 5 La seule fille que j'aime
3%
Pas facile 11 La ville
3%
Destination Vegas 4 La Ville des âmes en peine
3%
En pièces détachées 10 Le blues, ma guitare et moi
3%
Lorada 4 Le regard des autres
3%
Quelque part un aigle 5 L'hosto
3%
Quelque part un aigle 4 Mercredi matin
3%
De l'amour 7 Mon cœur qui bat
3%
En pièces détachées 6 Monsieur Paul
3%
À la vie, à la mort ! 1-4 Ne reviens pas
3%
La Peur 9 Oublier
3%
À partir de maintenant 9 Perdu dans le nombre
3%
Ce que je sais 12 Que ma Harley repose en paix
3%
À partir de maintenant 7 Qu'est-ce qu'elle fait ?
3%
Cadillac 3 Rien à jeter
3%
La Peur 7 Sans profession
3%
Rester vivant 8 Si j'avais su la vie
3%
Cadillac 7 Si j'étais moi
3%
Ma vérité 5 Si tu pars
3%
Cadillac 10 Testament d'un poète
3%
Rester vivant 11 Te voir grandir
3%
Drôle de métier 3 Toi tais-toi
3%
Spécial Enfants du rock 1 Toi tais toi
3%
À la vie, à la mort ! 2-4 Trouve-moi des mots
3%
Ça ne change pas un homme 9 True to you
3%
Ça ne finira jamais 11 Unchained Melody-Les Enchaînés
3%
À la vie, à la mort ! 1-10 Une femme
3%
L'Attente 4 Un tableau de Hopper
3%
Ma vérité 12 Affronte-moi
2%
L'Attente 11 À l'abri du monde
2%
Ma vérité 13 Apprendre à aimer
2%
Rough Town 6 Are The Chances Gone
2%
À la vie, à la mort ! 2-10 Arrête le temps
2%
Drôle de métier 8 Au jour le jour
2%
Pas facile 4 Bats-toi pour l'amour
2%
Ça ne finira jamais 3 Ça peut changer le monde
2%
Jamais seul 10 Ces deux-là
2%
Cadillac 9 C'est du vent
2%
Ce que je sais 6 C'est en France
2%
Ça ne finira jamais 7 C'est pas une vie
2%
En pièces détachées 9 Cette fille-là
2%
Destination Vegas 8 Chanter pour toi
2%
Pas facile 5 Comme une femme
2%
Jamais seul 3 Dandy
2%
À la vie, à la mort ! 2-7 Des hommes
2%
De l'amour 9 Des raisons d'espérer
2%
Ma vérité 11 Elle s'en moque
2%
Jamais seul 12 England
2%
Le Cœur d'un homme 2 Être un homme
2%
En pièces détachées 5 Excusez-moi de chanter encore du rock and roll
2%
La Peur 10 Faire face
2%
Rough Town 1 Fool for the Blues
2%
Drôle de métier 6 Génération banlieue
2%
Jamais seul 2 Guitar hero
2%
Rough Town 4 Hurricane
2%
Le Cœur d'un homme 13 I Am the Blues
2%
Rough Town 2 I Wanna Make Love to You
2%
Jamais seul 13 Jade dort
2%
Drôle de métier 11 J'ai du sentiment pour toi
2%
À la vie, à la mort ! 1-5 J'ai rêvé de nous
2%
Pas facile 10 Je ne pourrai jamais l'oublier
2%
Le Cœur d'un homme 6 Je reviendrai dans tes bras
2%
Rester vivant 7 J'tai même pas dit merci
2%
À partir de maintenant 10 La fille de l'hiver
2%
À la vie, à la mort ! 1-7 Laisse-moi tomber
2%
Entre violence et violon 3 Laisse-moi une chance
2%
En pièces détachées 8 La nuit crie au secours
2%
Drôle de métier 10 La tournée
2%
Ça ne change pas un homme 5 Le nom que tu portes
2%
Ce que je sais 7 Les moulins à vent
2%
Entre violence et violon 2 Les scellés sur ma vie
2%
Cadillac 8 L'étoile solitaire
2%
Rough Town 3 Love Affair
2%
Entre violence et violon 4 Marie Marie
2%
La Peur 11 Ma voix de révolté
2%
Entre violence et violon 8 Mes seize ans
2%
Le Cœur d'un homme 1 Monument Valley
2%
L'Attente 5 N'en vouloir à personne
2%
Ce que je sais 9 Nos limites
2%
Rester vivant 9 On s'habitue à tout
2%
Quelque part un aigle 3 On va vous en donner du rock
2%
Jamais seul 1 Paul et Mick
2%
Ce que je sais 3 Plus près de vous
2%
Spécial Enfants du rock 11 Polk Salad Annie
2%
Entre violence et violon 5 Pour ceux qui s'aiment
2%
Ça ne change pas un homme 13 Pour exister
2%
Drôle de métier 12 Quand ça vous brise le cœur
2%
Spécial Enfants du rock 5 Quand ça vous brise le cœur
2%
Entre violence et violon 7 Quand un homme devient fou
2%
Le Cœur d'un homme 7 Que restera-t-il ?
2%
Ce que je sais 14 Regarde-moi t'aimer
2%
Drôle de métier 4 Saoule à mourir
2%
Spécial Enfants du rock 4 Saoule à mourir
2%
Le Cœur d'un homme 11 Sarbacane
2%
À la vie, à la mort ! 1-12 Si c'était à refaire
2%
Ma vérité 1 S'il n'est pas trop tard
2%
Ça ne finira jamais 4 Si mon cœur
2%
Jamais seul 7 Tanagra
2%
Spécial Enfants du rock 14 That's All Right (Mama)
2%
Pas facile 9 Toujours le même
2%
Ça ne change pas un homme 1 Tout pour te déplaire
2%
De l'amour 2 Une vie à l'envers
2%
Le Cœur d'un homme 5 Vous madame
2%
De l'amour 11 Voyageur clandestin
2%
En V.O. 6 'When You Turn Out The Lights
2%
En V.O. 2 Ain't No Stopping Me Now
0%
Ça ne change pas un homme 10 Amour facile (Dirty Love)
0%
De l'amour 8 Avant de frapper
0%
Rough Town 11 Before You Change Your Mind
0%
Rough Town 5 Can't stop wanting you
0%
Ça ne change pas un homme 4 Ce jeu-là
0%
Ce que je sais 10 C'est la vie qui veut ça
0%
Destination Vegas 5 Dans le bayou
0%
Rough Town 9 Dry Spell
0%
Jamais seul 11 Elle a mis de l’eau
0%
À la vie, à la mort ! 2-9 Elle veut ma vie
0%
Ça ne finira jamais 5 État de grâce
0%
Ça ne finira jamais 8 Étreintes fatales
0%
À la vie, à la mort ! 1-8 Face au monde
0%
Destination Vegas 6 Hi-Heel Sneakers
0%
Spécial Enfants du rock 15 Honey Don't
0%
En V.O. 5 I'll Make You Believe In Love Again
0%
Rough Town 12 It's a Long Way Home
0%
À la vie, à la mort ! 2-6 Je me souviens
0%
Ça ne finira jamais 2 Je n'appartiens qu'à toi
0%
Ça ne finira jamais 13 Je tiendrai bon
0%
Destination Vegas 1 Je vais te secouer
0%
Ça ne finira jamais 12 Je voudrais tellement
0%
Jamais seul 8 J’inspire
0%
Spécial Enfants du rock 12 Johnny, Reviens !
0%
Destination Vegas 11 Jolie petite rock'n'rolleuse
0%
De l'amour 6 L'amour me fusille
0%
Le Cœur d'un homme 10 Laquelle de toi
0%
Spécial Enfants du rock 9 Les années mono
0%
Jamais seul 9 Les herbes folles
0%
Ce que je sais 13 Le temps passer
0%
Rough Town 8 Lightnin'
0%
Destination Vegas 9 Love Me Tender
0%
Destination Vegas 3 Memphis est loin d'ici
0%
Destination Vegas 2 Miss Claudie
0%
Destination Vegas 12 Monnaie, monnaie
0%
En V.O. 4 Mono Rock'n'Roll
0%
Ça ne finira jamais 9 On s'est aimés
0%
En V.O. 3 On The Edge Of The Edge
0%
À la vie, à la mort ! 1-9 Personne d'autre
0%
Destination Vegas 10 Rouler sur la rivière
0%
Ça ne change pas un homme 2 Roxy baby
0%
Le Cœur d'un homme 8 T'aimer si mal
0%
Ma vérité 9 Te savoir près de moi
0%
De l'amour 4 Tu es là
0%
Ça ne change pas un homme 12 Une journée
0%
À la vie, à la mort ! 2-5 Un homme libre
0%
De l'amour 5 Valise ou cercueil
0%
Jamais seul 6 Vous n’aurez pas ma peau
0%
Rough Town 10 You're Mine
0%
Aucun quiz correspondant
Distribution des résultats
% des personnes avec chaque résultat
Percentile par nombre de réponses
Votre historique - résultats
Vous n’avez pas pris ce quiz